A Bruxa Mimi no Inverno (Registo nº 4207)

Detalhes MARC
000 -Etiqueta do registo
Cabeçalho 00815nam a2200301 4500
005 - Identificador da versão
Campo de controlo 20240813122055.0
010 ## - Número internacional normalizado dos livros (ISBN)
Número (ISBN) 9789726627005
021 ## - Número do Depósito Legal
Código do país PT
Número 262199/07
100 ## - Dados gerais de processamento
Dados gerais de processamento 20080523d2007 c y0pory5003 ba
102 ## - Pais de publicação ou produção
País de publicação Portugal
101 1# - Língua de publicação
Língua do texto, banda sonora, etc. Português
Língua do documento no original Inglês
106 ## - Campo de dados codificados: material textual
Dados codificados do material textual r
105 ## - Campo de dados codificados: livros
Dados codificados dos livros a t 000fy
215 ## - Descrição física 
Indicação específica da natureza do documento e extensão da espécie 32 p.
Outras indicações físicas il.
Dimensões 45 cm
200 1# - Titulo e menção de responsabilidade
Título próprio A Bruxa Mimi no Inverno
Primeira menção de responsabilidade Valerie Thomas
Outras menções de responsabilidade il. Korky Paul
-- trad. Gonçalo Terra
225 1# - Colecção 
Título próprio da colecção Júnior
205 ## - Menção da edição
Menção da edição 3ª ed
210 ## - Publicação, Distribuição, etc. 
Lugar da edição, distribuição, etc. Lisboa
Nome do editor, distribuidor, etc. Gradiva
Data da publicação, distribuição, etc. 2007
304 ## - Notas relativas a título e menção de responsabilidade 
Texto da nota Tit. orig. : Winnie in Winter
675 ## - Classificação Decimal Universal (CDU)
Notação 087.5:82/89-34
Edição med
Língua da edição fre
702 #1 - Nome de autor-pessoa física (responsabilidade secundária)
Número de registo de entrada de autoridade 0000864
Palavra de ordem Terra
Outra parte do nome não tomada para palavra de ordem Gonçalo
Código de função Tradutor
701 #1 - Nome de autor-pessoa física (co-responsabilidade principal)
Palavra de ordem Paul
Outra parte do nome não tomada para palavra de ordem Korky
Código de função Ilustrador / Técnico de desenho computorizado
700 #1 - Nome de autor-pessoa física (responsabilidade principal)
Número de registo de entrada de autoridade 0000862
Palavra de ordem Thomas
Outra parte do nome não tomada para palavra de ordem Valerie
942 ## - Elementos de entrada adicionados (Koha)
Tipo de item no Koha Livro
Exemplares
Situação do levantamento Origin of item (home branch) (coded) Biblioteca de empréstimo Código de barras Cota Circulation type (not for loan) Tipo de documento Nota do exemplar Damaged status
  Biblioteca Escolar das Vendas Biblioteca Escolar das Vendas BEV1885 8EST PAU   Livro Sem mensagem